000 00347nam a2200145Ia 4500
008 150301s2013 xx 000 0 und d
082 _a611.018
_bH2013K
100 _aKUMAR , BRIJESH
245 _aHISTOLOGY : TEXT & ATLAS
250 _a1ST
260 _bWOLTERS KLUWER
_aDELHI
_c2013
300 _a1-374
650 _aHISTOLOGY
942 _2ddc
_cBK
999 _c6879
_d6879